000 00404nam a2200121Ia 4500
008 220216s9999 xx 000 0 und d
100 _aHa Chang-Sik
245 0 _aRubber industry in Korea
260 _bInternational Conference and Exhibition on Rubber and Allied Materials Asia Rub Tech Expo 2002. 28-30 November 2002, New Delhi. pp.8-11.
650 _aKorea
650 _aRubber industry
942 _cJS
999 _c67720
_d67720